A água, a terra, o ar, o fogo (Registo nº 4303)

Detalhes MARC
000 -Etiqueta do registo
Cabeçalho 00835cam a2200301 4500
005 - Identificador da versão
Campo de controlo 20240813122057.0
095 ## -
-- PTBN00549657
010 ## - Número internacional normalizado dos livros (ISBN)
Número (ISBN) 9720701544
021 ## - Número do Depósito Legal
Código do país PT
Número 72520/93
100 ## - Dados gerais de processamento
Dados gerais de processamento 19940208d1993 c y0pory5003 ba
102 ## - Pais de publicação ou produção
País de publicação Portugal
101 1# - Língua de publicação
Língua do texto, banda sonora, etc. Português
Língua do documento no original Francês
106 ## - Campo de dados codificados: material textual
Dados codificados do material textual r
105 ## - Campo de dados codificados: livros
Dados codificados dos livros a z 000ay
215 ## - Descrição física 
Indicação específica da natureza do documento e extensão da espécie 29 p.
Outras indicações físicas il.
Dimensões 27 cm
200 1# - Titulo e menção de responsabilidade
Título próprio A água, a terra, o ar, o fogo
Primeira menção de responsabilidade Agnés Vandewiele
Outras menções de responsabilidade il. Patrick Morin
225 1# - Colecção 
Título próprio da colecção Perguntas-respostas 3-7 anos
210 ## - Publicação, Distribuição, etc. 
Lugar da edição, distribuição, etc. Porto
Nome do editor, distribuidor, etc. Porto Editora
Data da publicação, distribuição, etc. D.L. 1993
304 ## - Notas relativas a título e menção de responsabilidade 
Texto da nota Tít. orig.: L'eau, la terre, l'air, le feu
675 ## - Classificação Decimal Universal (CDU)
Notação 087.5
Edição BN
Língua da edição por
Notação 523.31
Edição BN
Língua da edição por
702 #1 - Nome de autor-pessoa física (responsabilidade secundária)
Número de registo de entrada de autoridade 0001078
Palavra de ordem Morin
Outra parte do nome não tomada para palavra de ordem Patrick
Código de função Ilustrador / Técnico de desenho computorizado
700 #1 - Nome de autor-pessoa física (responsabilidade principal)
Número de registo de entrada de autoridade 0001077
Palavra de ordem Vandewiele
Outra parte do nome não tomada para palavra de ordem Agnès
942 ## - Elementos de entrada adicionados (Koha)
Tipo de item no Koha Livro
Exemplares
Situação do levantamento Origin of item (home branch) (coded) Biblioteca de empréstimo Código de barras Cota Circulation type (not for loan) Tipo de documento Nota do exemplar Damaged status
  Biblioteca Escolar das Vendas Biblioteca Escolar das Vendas BEV1297 5 VAN   Livro Sem mensagem